00828nam a2200205 a 450000100060000000300090000600800410001504000280005608200180008410000280010224500280013025000060015826000310016430000080019550502980020365000270050165000360052865000250056465000330058922658CO-ViMGA141112s2004 ck r 000 u spa d aCO-ViMGAbspacCO-ViMGA04a364.133 C874e1 aCusguen Olarte, Eduardo10aEvasión y contrabando a3 aBogotá : bLeyer, c2005 a511 aMarco de la evasion y el contrabando 9 - 34 - - Algunas normas sobre evasion y contrabando 35 - 42 - - La elusion y la evacion en el impuesto de renta 45 - 68 - - Aspectos juridicos relevantes de la evasion y de la elusion 71 - 90 - - Las deficiencias en el procedimiento tributario 91 - 106 14aCONTRABANDO - COLOMBIA14aEVACION DE IMPUESTOS - COLOMBIA14aIMPUESTOS - COLOMBIA14aPolítica FISCAL - COLOMBIA